[Event "Klubbmesterskapet - Drammens Schakklub,"]
[Site "Drammen"]
[Date "2011.01.26"]
[Round "3"]
[White "Andersson, Øivind"]
[Black "Sliper, Marius"]
[Result "1-0"]
[WhiteElo "1144"]
[BlackElo "629"]
[PlyCount "115"]
[EventDate "2011.??.??"]

1. e4 e5 2. Nf3 Nc6 3. c3 d6 4. d4 Bg4 5. d5 Nce7 6. Be2 Nf6 7. Qc2 c6 8. c4 g6
9. O-O Bg7 10. Nc3 O-O 11. Be3 Qc7 12. Rac1 cxd5 13. cxd5 Rfc8 14. h3 Bxf3 15.
Bxf3 b5 16. Qd2 Qd7 17. Bh6 Ne8 18. Bxg7 Nxg7 19. Bg4 f5 20. exf5 Ngxf5 21. Ne4
Rxc1 22. Nf6+ Kg7 23. Nxd7 Rxf1+ 24. Kxf1 Rd8 25. Bxf5 Nxf5 26. Nxe5 dxe5 27.
Qa5 Rxd5 28. Qxa7+ Kh6 29. g4 Nh4 30. Ke2 Rd4 31. Qc5 Re4+ 32. Kd3 Ra4 33. a3
e4+ 34. Ke2 Nf3 35. Ke3 Ra5 36. Kxe4 Ng5+ 37. Kd3 Nxh3 38. Qe3+ Ng5 39. f4 Nf7
40. Qe6 Ra7 41. g5+ Kg7 42. Kc3 h6 43. gxh6+ Kxh6 44. Kb4 Ra4+ 45. Kxb5 Rxf4
46. a4 Nd8 47. Qd6 Rf5+ 48. Kb6 Nf7 49. Qe7 Ne5 50. b4 Nc4+ 51. Kb7 g5 52. Qe6+
Kh5 53. Qxc4 g4 54. a5 g3 55. Qe4 Rg5 56. Qg2 Rb5+ 57. Ka6 Rxb4 58. Qxg3 1-0

[Event "Leverkusen Bayer op 9th"]
[Site "Leverkusen"]
[Date "2011.01.24"]
[Round "2"]
[White "Van Kempen, Susanne"]
[Black "Mizich, Vadim"]
[Result "1-0"]
[WhiteElo "1578"]
[BlackElo "1072"]
[PlyCount "175"]
[EventDate "2011.01.10"]
[EventType "swiss"]
[EventRounds "7"]
[EventCountry "GER"]
[SourceTitle "EXT 2012"]
[Source "ChessBase"]
[SourceDate "2011.11.24"]
[SourceVersion "1"]
[SourceVersionDate "2011.11.24"]
[SourceQuality "1"]

1. e4 e5 2. Nf3 Nc6 3. c3 Bc5 4. d4 exd4 5. cxd4 Bb4+ 6. Bd2 d5 7. Bxb4 Nxb4 8.
Qa4+ Nc6 9. Ne5 Qd6 10. Bb5 Bd7 11. Nxd7 Qxd7 12. Nc3 Nge7 13. O-O a6 14. Rac1
O-O 15. Bxc6 Qxc6 16. Qxc6 bxc6 17. exd5 cxd5 18. Rfe1 Rfe8 19. Re3 c6 20. Kf1
Nf5 21. Rxe8+ Rxe8 22. Ne2 Ne7 23. Nf4 Rb8 24. Nd3 Kf8 25. a3 Rb3 26. Rc3 Rxc3
27. bxc3 Ke8 28. Nc5 a5 29. Nb7 a4 30. Nc5 Nc8 31. Nxa4 Na7 32. Nc5 Nb5 33. a4
Nxc3 34. a5 Nb5 35. a6 Kd8 36. Ke1 Kc7 37. Kd2 Kb6 38. Kd3 Nc7 39. Nd7+ Kxa6
40. Ne5 Ne6 41. Nxc6 Nf4+ 42. Kc3 Kb6 43. Ne7 Nxg2 44. Nxd5+ Kc6 45. Ne7+ Kd7
46. Nf5 g6 47. Ng3 h5 48. Kd3 Nf4+ 49. Ke4 g5 50. Kf5 h4 51. Ne4 Kc6 52. Nxg5
Nd3 53. f4 Kd5 54. Nf3 Nb4 55. Nxh4 Kxd4 56. Nf3+ Ke3 57. Ne5 Nd5 58. Nxf7 Nxf4
59. Ng5 Ng2 60. Kg4 Kf2 61. Nh3+ Kf1 62. Kg3 Nh4 63. Nf4 Nf5+ 64. Kg4 Nh6+ 65.
Kg5 Nf7+ 66. Kf6 Nh6 67. h4 Ng4+ 68. Kg5 Ne5 69. h5 Kf2 70. Kf5 Nf7 71. Kf6 Nh6
72. Kg6 Ng4 73. Kg5 Kg3 74. Nd3 Kf3 75. Nc5 Kg3 76. Ne6 Kf3 77. Nd4+ Kg3 78.
Nf5+ Kf3 79. Nh6 Nf2 80. Ng8 Ne4+ 81. Kg6 Kf4 82. h6 Ng5 83. Nf6 Ne6 84. Nd7
Ng5 85. Nc5 Nf3 86. h7 Ne5+ 87. Kg7 Nc6 88. h8=Q 1-0

[Event "Hessenliga 1011"]
[Site "Germany"]
[Date "2011.01.23"]
[Round "5.6"]
[White "Syed, Tareq"]
[Black "Diez, Gerhard"]
[Result "1-0"]
[WhiteElo "2112"]
[BlackElo "2117"]
[PlyCount "131"]
[EventDate "2010.09.26"]
[EventType "team-tourn"]
[EventRounds "9"]
[EventCountry "GER"]
[SourceTitle "EXT 2012"]
[Source "ChessBase"]
[SourceDate "2011.11.24"]
[SourceVersion "1"]
[SourceVersionDate "2011.11.24"]
[SourceQuality "1"]
[WhiteTeam "Frankfurt BvK II"]
[BlackTeam "Bad Nauheim"]
[WhiteTeamCountry "GER"]
[BlackTeamCountry "GER"]

1. e4 e5 2. Nf3 Nc6 3. c3 Nf6 4. d3 d6 5. Be2 g6 6. b4 Bg7 7. O-O O-O 8. Qc2
Qe8 9. a4 Nh5 10. Ne1 f5 11. Bxh5 gxh5 12. Qe2 f4 13. f3 Kh8 14. Nc2 Rg8 15.
Bb2 Bf6 16. Kh1 h4 17. Nd2 Qh5 18. Rg1 Bd7 19. d4 Rg3 20. Qf2 Rag8 21. c4 R8g7
22. b5 Nd8 23. dxe5 dxe5 24. Nb4 Ne6 25. c5 Be7 26. Nd3 Bf6 27. Nb4 Nd4 28.
Bxd4 exd4 29. Nd5 Qg5 30. Rae1 Be5 31. Nc4 Bf6 32. e5 Be7 33. e6 Be8 34. Ne5
Kg8 35. Re4 h3 36. Nxf4 hxg2+ 37. Rxg2 Rxg2 38. Nxg2 Qc1+ 39. Re1 Qxc5 40. Ng4
Qc3 41. Nh6+ Kf8 42. Nf5 Rg6 43. Nf4 Bb4 44. Rf1 Rg5 45. e7+ Kg8 46. Rg1 Rg6
47. Nxg6 hxg6 48. Nh4 Qe3 49. Qg2 g5 50. Qxg5+ Qxg5 51. Rxg5+ Kf7 52. Rd5 Bxe7
53. Rxd4 c5 54. bxc6 Bxc6 55. Kg2 Bf6 56. Rc4 Ke6 57. Kg3 Kd5 58. Rg4 a5 59.
Ng6 Bd7 60. Re4 Bd4 61. Nf4+ Kc5 62. Ne6+ Bxe6 63. Rxe6 Kd5 64. Re4 b5 65. axb5
a4 66. b6 1-0

[Event "GER CupT"]
[Site "Germany"]
[Date "2011.01.23"]
[Round "2.2"]
[White "Schulz, Jens"]
[Black "Schuette, Marc"]
[Result "1/2-1/2"]
[WhiteElo "2182"]
[BlackElo "2261"]
[PlyCount "249"]
[EventDate "2011.01.22"]
[EventType "team-k.o."]
[EventRounds "6"]
[EventCountry "GER"]
[SourceTitle "EXT 2016"]
[Source "ChessBase"]
[SourceDate "2015.10.10"]
[SourceVersion "1"]
[SourceVersionDate "2015.10.10"]
[SourceQuality "1"]
[WhiteTeam "Nordhorn"]
[BlackTeam "Oldenburg"]
[WhiteTeamCountry "GER"]
[BlackTeamCountry "GER"]

1. e4 e5 2. Nf3 Nc6 3. c3 Be7 4. d4 d6 5. Bb5 Bd7 6. O-O Bf6 7. d5 Nb8 8. Bxd7+
Nxd7 9. Na3 Nc5 10. Be3 Ne7 11. Bxc5 dxc5 12. Nc4 Ng6 13. Qb3 b6 14. a4 Qd7 15.
Qb5 a6 16. Qb3 O-O 17. Ne3 Be7 18. Nf5 h6 19. c4 Bd6 20. Qe3 Rfe8 21. Rfd1 Kh7
22. g3 Ne7 23. N3h4 Ng8 24. Qf3 g6 25. Ne3 Kg7 26. Nhg2 Reb8 27. h4 Nf6 28. g4
h5 29. g5 Nh7 30. Nf1 b5 31. axb5 axb5 32. Nge3 Rxa1 33. Rxa1 bxc4 34. Nxc4 Rb4
35. Nfe3 f6 36. gxf6+ Nxf6 37. Qg2 Ng4 38. f3 Nxe3 39. Nxe3 Ra4 40. Rc1 Qd8 41.
Qg3 Rb4 42. Rc2 Qf6 43. Nc4 Kh6 44. Kg2 Kh7 45. Qh3 Qe7 46. Na5 Qe8 47. Nc6 Rb3
48. Rf2 Kh6 49. Qg3 Kh7 50. Qg5 Rb6 51. Qf6 c4 52. Kh2 Bf8 53. Rc2 Bg7 54. Qg5
Qf8 55. Rg2 Qe8 56. Qe7 Qxe7 57. Nxe7 Bh6 58. Rc2 Be3 59. Nc6 Bf4+ 60. Kg2 Rb5
61. Na7 Rb4 62. Nc6 Rb5 63. Nd8 Be3 64. Ne6 Bb6 65. Rxc4 Rxb2+ 66. Kg3 Kh6 67.
Nxc7 Bf2+ 68. Kh3 Rb1 69. Rc2 Rd1 70. Ne6 Be3 71. Kg2 Rg1+ 72. Kh2 Rf1 73. Re2
Bc1 74. Kg2 Rd1 75. Kf2 Ba3 76. Ng5 Bc5+ 77. Kg2 Bd4 78. d6 Bc5 79. Ra2 Be3 80.
Nf7+ Kg7 81. Nxe5 Rxd6 82. Nc4 Rd3 83. Nxe3 Rxe3 84. Kg3 Rb3 85. Kf4 Rb5 86.
Rd2 Kf7 87. e5 Rb4+ 88. Kg5 Rb1 89. Rd6 Rg1+ 90. Kh6 Rg3 91. Rf6+ Ke7 92. f4
Rf3 93. Kg7 Ke8 94. Rf8+ Ke7 95. Rf7+ Ke6 96. Rf6+ Ke7 97. Kh6 Ke8 98. Rxg6
Rxf4 99. Kxh5 Re4 100. e6 Ke7 101. Kg5 Re5+ 102. Kh6 Rd5 103. Kg7 Rh5 104. Rh6
Re5 105. Kh7 Kf8 106. Rf6+ Ke7 107. Kg6 Re2 108. Rf5 Rxe6+ 109. Kg7 Re4 110. h5
Rg4+ 111. Kh7 Rg2 112. h6 Rg3 113. Ra5 Kf7 114. Ra7+ Kf8 115. Rg7 Rh3 116. Rg5
Rf3 117. Kh8 Rf2 118. Kh7 Rf3 119. Kg6 Kg8 120. Ra5 Rg3+ 121. Kf6 Kh7 122. Ra7+
Kh8 123. Rg7 Rxg7 124. hxg7+ Kg8 125. Kg6 1/2-1/2

[Event "FICS rated standard game"]
[Site "FICS freechess.org"]
[Date "2011.01.23"]
[Round "?"]
[White "tomasino"]
[Black "elivija"]
[Result "1-0"]
[WhiteElo "2220"]
[BlackElo "2144"]
[PlyCount "61"]
[EventDate "2011.??.??"]
[SourceTitle "OM Portal C 201906"]
[Source "Opening Master"]
[SourceDate "2019.06.27"]
[SourceVersion "1"]
[SourceVersionDate "2019.06.27"]
[SourceQuality "1"]

1. e4 e5 2. Nf3 Nc6 3. c3 Bc5 4. d4 exd4 5. cxd4 Bb4+ 6. Nc3 d5 7. e5 Bg4 8.
Be2 Bxf3 9. Bxf3 Qh4 10. a3 Ba5 11. O-O Nxd4 12. Qa4+ c6 13. Qxa5 Nxf3+ 14.
gxf3 Qh3 15. Bf4 Qxf3 16. Bg3 g5 17. Qa4 Ne7 18. Rad1 Nf5 19. Nxd5 h5 20. Nc7+
Kf8 21. Qb4+ Kg7 22. e6 Rad8 23. Rxd8 Rxd8 24. e7 Rd4 25. Qxd4+ Nxd4 26. Be5+
f6 27. Ne6+ Kh6 28. Nxd4 Qg4+ 29. Bg3 Qe4 30. Rd1 Qxe7 31. Nf5+ 1-0

[Event "AUS-ch U12"]
[Site "Mooroolbark"]
[Date "2011.01.22"]
[Round "7"]
[White "Lapitan, Daniel"]
[Black "Gray, Callum James"]
[Result "1-0"]
[WhiteElo "1413"]
[BlackElo "1417"]
[PlyCount "169"]
[EventDate "2011.01.19"]
[EventType "swiss"]
[EventRounds "9"]
[EventCountry "AUS"]
[SourceTitle "EXT 2013"]
[Source "ChessBase"]
[SourceDate "2012.11.22"]
[SourceVersion "1"]
[SourceVersionDate "2012.11.22"]
[SourceQuality "1"]

1. e4 e5 2. Nf3 Nc6 3. c3 d5 4. Qa4 Nf6 5. Nxe5 Bd6 6. Nxc6 bxc6 7. d3 O-O 8.
Be2 Re8 9. Bg5 Bd7 10. f4 h6 11. Bxf6 Qxf6 12. O-O Bc5+ 13. Kh1 Qg6 14. Bf3 Bg4
15. Bxg4 Qxg4 16. Qxc6 Qe2 17. Na3 Bxa3 18. bxa3 Qxd3 19. exd5 Qg6 20. Qxg6
fxg6 21. Rae1 Kf7 22. Re5 Rad8 23. h4 Rd7 24. c4 Rb8 25. f5 Rb2 26. fxg6+ Kxg6
27. h5+ Kh7 28. Rf8 g6 29. hxg6+ Kxg6 30. Ra8 Rc2 31. Rxa7 Rxc4 32. Ra6+ Kg7
33. a4 Rd4 34. a5 R4xd5 35. Rxd5 Rxd5 36. Ra7 Kf6 37. a4 c5 38. Rc7 c4 39. Rxc4
Rxa5 40. Rb4 h5 41. Kh2 Kg6 42. Kh3 Kh6 43. Kh4 Kg6 44. g3 Kh6 45. Kh3 Kg6 46.
Kg2 Kf6 47. Kf3 Kg6 48. Ke3 Kh6 49. Rb6+ Kg7 50. Rb5 Rxa4 51. Rxh5 Kg6 52. Rb5
Kf6 53. Kf3 Kg6 54. Kg2 Kh6 55. Kh3 Kg6 56. Rc5 Rb4 57. Rc6+ Kg5 58. Rc3 Ra4
59. g4 Rb4 60. Rc5+ Kg6 61. Kh4 Rf4 62. Rc6+ Rf6 63. Rxf6+ Kxf6 64. Kh5 Kg7 65.
Kg5 Kh7 66. Kf6 Kh6 67. g5+ Kh7 68. Kf7 Kh8 69. Kg6 Kg8 70. Kh6 Kf7 71. Kh7 Kf8
72. g6 Ke7 73. g7 Kd7 74. g8=Q Kd6 75. Qe8 Kc5 76. Kg6 Kd4 77. Kf5 Kd5 78. Qd8+
Kc6 79. Qd4 Kb5 80. Qc3 Kb6 81. Ke5 Kb7 82. Kd6 Kb8 83. Qg7 Ka8 84. Kc6 Kb8 85.
Qb7# 1-0

[Event "Chennai op 3rd"]
[Site "Chennai"]
[Date "2011.01.20"]
[Round "4"]
[White "Saptarshi, Roy"]
[Black "Akash, PC Iyer"]
[Result "1/2-1/2"]
[WhiteElo "2399"]
[BlackElo "2069"]
[PlyCount "122"]
[EventDate "2011.01.18"]
[EventType "swiss"]
[EventRounds "11"]
[EventCountry "IND"]
[SourceTitle "CBM 140 Extra"]
[Source "ChessBase"]
[SourceDate "2011.03.01"]
[SourceVersion "1"]
[SourceVersionDate "2011.03.01"]
[SourceQuality "1"]

1. e4 e5 2. Nf3 Nc6 3. c3 Nf6 4. d4 Nxe4 5. d5 Ne7 6. Nxe5 Ng6 7. Nxg6 hxg6 8.
Bd3 Nc5 9. Bc2 d6 10. Be3 Bf5 11. c4 Be7 12. Nc3 Bf6 13. Qd2 Rh4 14. O-O Kf8
15. f4 Qd7 16. b4 Bxc2 17. Qxc2 Bxc3 18. Qxc3 Ne4 19. Qd3 Qf5 20. Rf3 Ng5 21.
Qxf5 Nxf3+ 22. gxf3 gxf5 23. Rc1 Re8 24. Rc3 Rxe3 25. Rxe3 Rxf4 26. Rc3 Rd4 27.
Rc2 Ke7 28. Kf2 f4 29. Ke2 Kd7 30. a4 a6 31. a5 c6 32. dxc6+ bxc6 33. Rc3 d5
34. cxd5 cxd5 35. b5 axb5 36. Rc5 Ke6 37. Rxb5 Ra4 38. h4 Ra2+ 39. Kd3 Rf2 40.
Kd4 Rxf3 41. Rb6+ Kf5 42. Rb7 Kg6 43. Kxd5 Ra3 44. Ke5 f6+ 45. Kxf4 Ra4+ 46.
Kg3 Rxa5 47. Rc7 Ra3+ 48. Kf4 Ra4+ 49. Kg3 f5 50. Rc8 Kh6 51. Rh8+ Kg6 52. Rc8
Ra3+ 53. Kg2 Re3 54. Rb8 Rc3 55. Ra8 Rc4 56. Kg3 Rg4+ 57. Kh3 Kh7 58. Rb8 g5
59. hxg5 Rxg5 60. Rb6 Rg6 61. Rxg6 Kxg6 1/2-1/2

[Event "AUS-ch U16"]
[Site "Mooroolbark"]
[Date "2011.01.19"]
[Round "5"]
[White "Hibberd, Nathan"]
[Black "Cook, Jamie"]
[Result "1-0"]
[WhiteElo "1566"]
[BlackElo "628"]
[PlyCount "89"]
[EventDate "2011.01.15"]
[EventType "swiss"]
[EventRounds "9"]
[EventCountry "AUS"]
[SourceTitle "EXT 2013"]
[Source "ChessBase"]
[SourceDate "2012.11.22"]
[SourceVersion "1"]
[SourceVersionDate "2012.11.22"]
[SourceQuality "1"]

1. e4 e5 2. Nf3 Nc6 3. c3 Nf6 4. d4 exd4 5. e5 Ng4 6. cxd4 d6 7. h3 Nh6 8. Bxh6
gxh6 9. Nc3 Bf5 10. Bb5 Bg7 11. O-O O-O 12. Re1 Qd7 13. d5 Kh8 14. dxc6 bxc6
15. Bf1 Rg8 16. Kh1 Rae8 17. Qd2 dxe5 18. Qxd7 Bxd7 19. Rad1 Bf5 20. Bc4 Re7
21. Nh4 Bc8 22. f4 Rge8 23. Nf3 f6 24. g4 Bb7 25. Nh4 Bc8 26. Nf5 Rd7 27. Rxd7
Bxd7 28. Rd1 Bc8 29. Kg2 exf4 30. Kf3 Bf8 31. Kxf4 Bg7 32. Ne7 Bf8 33. Nxc8
Rxc8 34. Rd7 Bg7 35. Kf5 Re8 36. Be6 Rb8 37. a4 a5 38. Ne4 Rf8 39. Ng3 Re8 40.
Nh5 Rf8 41. Rxg7 c5 42. Rxc7 c4 43. Nxf6 Rxf6+ 44. Kxf6 h5 45. Rc8# 1-0

[Event "AUS-ch U12"]
[Site "Mooroolbark"]
[Date "2011.01.19"]
[Round "1"]
[White "Lapitan, Daniel"]
[Black "Han, Denny"]
[Result "1-0"]
[WhiteElo "1413"]
[BlackElo "741"]
[PlyCount "70"]
[EventDate "2011.01.19"]
[EventType "swiss"]
[EventRounds "9"]
[EventCountry "AUS"]
[SourceTitle "EXT 2013"]
[Source "ChessBase"]
[SourceDate "2012.11.22"]
[SourceVersion "1"]
[SourceVersionDate "2012.11.22"]
[SourceQuality "1"]

1. e4 e5 2. Nf3 Nc6 3. c3 Nf6 4. d4 d6 5. d5 Nb8 6. Bd3 h6 7. Na3 Be7 8. h3
Nbd7 9. Be3 Nb6 10. c4 O-O 11. O-O Bd7 12. Rc1 Na4 13. Qe2 b6 14. b3 Nc5 15.
Bc2 a5 16. Bxc5 bxc5 17. Nd2 Qb8 18. f4 exf4 19. Rxf4 Re8 20. Rcf1 Bf8 21. Qd3
Be7 22. Nb5 Bxb5 23. cxb5 Qd8 24. a4 g6 25. Nc4 Kg7 26. Qc3 c6 27. bxc6 Kh7 28.
Rxf6 Bxf6 29. Qxf6 Qxf6 30. Rxf6 Kg7 31. Rxd6 Ra6 32. Bd3 Ra7 33. e5 h5 34. Kf2
Kh6 35. h4 Raa8 1-0

[Event "SN-2010-0-00303"]
[Site "Lechenicher SchachServer"]
[Date "2011.01.13"]
[Round "?"]
[White "Holmquist, Marson"]
[Black "Ventura, Bob"]
[Result "0-1"]
[WhiteElo "524"]
[BlackElo "648"]
[PlyCount "92"]
[EventDate "2010.12.28"]

1. e4 e5 2. Nf3 Nc6 3. c3 h6 4. Bb5 d6 5. O-O Bd7 6. d4 Nf6 7. d5 Nb8 8. a4
Nxe4 9. Re1 f5 10. Nbd2 Nxd2 11. Bxd2 Bxb5 12. axb5 Qd7 13. Nh4 g5 14. Qh5+ Qf7
15. Qxf7+ Kxf7 16. Nxf5 Nd7 17. Ra4 Nc5 18. Ra3 b6 19. c4 Kg6 20. Ng3 Bg7 21.
b4 Nb7 22. Rf3 a6 23. bxa6 Rxa6 24. b5 Ra2 25. Bb4 Rha8 26. h3 h5 27. Ne2 Rb2
28. Bc3 Rb3 29. Rc1 Nc5 30. Kh2 e4 31. Re3 Nd3 32. Rc2 Nxf2 33. Bd2 Ra1 34.
Rxb3 h4 35. Rc1 Be5+ 36. Kg1 Rxc1+ 37. Kxf2 Rxc4 38. Ra3 Rc5 39. Nc3 Bxc3 40.
Bxc3 Rxd5 41. Ra7 Rc5 42. Rxc7 Rxc7 43. Bd4 Rb7 44. Ke3 d5 45. Bh8 Rc7 46. Kd4
Rc5 0-1

[Event "Ch PriFO (w)"]
[Site "Perm (Russia)"]
[Date "2011.01.09"]
[Round "9"]
[White "Shur, Tatiana"]
[Black "Chetina, Elizaveta"]
[Result "0-1"]
[WhiteElo "1751"]
[BlackElo "1785"]
[PlyCount "102"]
[EventDate "2011.??.??"]
[EventRounds "9"]
[EventCountry "RUS"]
[SourceTitle "OM OTB B 201907"]
[Source "Opening Master"]
[SourceDate "2019.07.06"]
[SourceVersion "2"]
[SourceVersionDate "2019.07.06"]
[SourceQuality "1"]

1. e4 e5 2. Nf3 Nc6 3. c3 Nf6 4. d4 exd4 5. e5 Nd5 6. cxd4 Be7 7. Bc4 Nb6 8.
Bb3 d5 9. Nc3 O-O 10. Be3 Bf5 11. O-O Na5 12. Bc2 Qd7 13. Ne1 f6 14. f4 Nac4
15. Bc1 fxe5 16. dxe5 Bc5+ 17. Kh1 Ne3 18. Bxe3 Bxe3 19. Bb3 c6 20. Nc2 Bg4 21.
Qd3 Bxf4 22. Rae1 Rae8 23. Qd4 Bh6 24. Ne4 Be6 25. Nd6 Rxf1+ 26. Rxf1 Rf8 27.
Rxf8+ Kxf8 28. Nb4 Qe7 29. Qf2+ Kg8 30. Nd3 Nd7 31. Qxa7 Qf8 32. Qf2 Qxf2 33.
Nxf2 Nxe5 34. Nxb7 Bc1 35. Nc5 Bf5 36. Nd1 Nd3 37. Nxd3 Bxd3 38. Ba4 c5 39. Kg1
Kf7 40. Kf2 Ke6 41. Ke1 Be4 42. g3 Bf3 43. Bc2 Bxd1 44. Kxd1 Bxb2 45. Bxh7 Ba3
46. Kd2 Ke5 47. Kc3 Bb4+ 48. Kd3 c4+ 49. Kc2 d4 50. h4 d3+ 51. Kc1 Kd4 0-1

[Event "corr freechess"]
[Site "freechess.de"]
[Date "2011.01.09"]
[Round "?"]
[White "Bock, Michael"]
[Black "Fritsch Gruendel, Thomas"]
[Result "1-0"]
[WhiteElo "2157"]
[BlackElo "1472"]
[PlyCount "169"]
[EventDate "2010.??.??"]
[EventType "tourn (corr)"]
[SourceTitle "OM Corr 202003"]
[Source "Opening Master"]
[SourceDate "2019.05.30"]
[SourceVersion "2"]
[SourceVersionDate "2019.05.30"]
[SourceQuality "1"]

1. e4 e5 2. Nf3 Nc6 3. c3 Nf6 4. d3 d5 5. Bg5 Be7 6. Be2 Be6 7. Nbd2 O-O 8. Qc2
d4 9. c4 Nb4 10. Qd1 Nd7 11. Bxe7 Qxe7 12. a3 Nc6 13. b4 Ncb8 14. b5 c6 15. a4
f6 16. Qb3 Nc5 17. Qa3 Nbd7 18. a5 Qd8 19. Nb3 Nxb3 20. Qxb3 c5 21. h3 Rf7 22.
O-O-O Qc7 23. g4 Qxa5 24. Kc2 Qc7 25. Nh4 Nf8 26. Ng2 Ng6 27. Qa3 Nf8 28. f3 g5
29. Ra1 h6 30. h4 Rh7 31. h5 Bc8 32. Rhb1 b6 33. Rb2 Ne6 34. Rba2 Qb8 35. Kd2
Nc7 36. Qb2 Ne8 37. Ra4 Nd6 38. R1a3 Nb7 39. Qa2 Nd8 40. Ne1 Kf8 41. Nc2 Nb7
42. Rxa7 Rxa7 43. Rxa7 Rd7 44. Ra8 Qc7 45. Qa7 Qd8 46. Rb8 Na5 47. Qxb6 Nb3+
48. Kd1 Qxb6 49. Rxb6 Kf7 50. Rc6 Bb7 51. Rb6 Ba8 52. Ra6 Bb7 53. Ra7 Bc8 54.
Ra3 Rb7 55. Rxb3 Ra7 56. Ra3 Rxa3 57. Nxa3 Bb7 58. Kc1 Ke6 59. Kb2 Kd6 60. Kb3
Kc7 61. Ka4 Kb6 62. Nc2 Bc8 63. Nb4 cxb4 64. Kxb4 Bd7 65. Bd1 Bc8 66. Ba4 Be6
67. c5+ Kb7 68. Ka5 Bc8 69. c6+ Kc7 70. Bb3 Kb8 71. b6 Ka8 72. b7+ Bxb7 73. c7
Bc8 74. Kb6 Bb7 75. Kc5 Bc8 76. Kd6 Kb7 77. Ba4 Kb6 78. Bd7 Kb7 79. Bf5 Bxf5
80. gxf5 Kc8 81. Ke6 Kxc7 82. Kxf6 Kd6 83. Kf7 Kd7 84. f6 Kd6 85. Ke8 1-0

[Event "2.liga B 2010/2011"]
[Site "SLOVENSKO"]
[Date "2011.01.08"]
[Round "5.2"]
[White "Skrabakova, Katarina"]
[Black "Budaj, Peter"]
[Result "1-0"]
[WhiteElo "2038"]
[BlackElo "2112"]
[PlyCount "35"]
[EventDate "2010.10.23"]
[EventRounds "11"]
[EventCountry "SVK"]
[SourceTitle "OM OTB B 201907"]
[Source "Opening Master"]
[SourceDate "2019.07.06"]
[SourceVersion "2"]
[SourceVersionDate "2019.07.06"]
[SourceQuality "1"]

1. e4 e5 2. Nf3 Nc6 3. c3 Nf6 4. d4 d6 5. Be3 Nxe4 6. d5 Ne7 7. Qa4+ c6 8. Qxe4
cxd5 9. Qc2 Nc6 10. Be2 Be7 11. O-O O-O 12. Nbd2 Bg4 13. Rfe1 e4 14. Nd4 Bxe2
15. Rxe2 Bf6 16. N2b3 Qc7 17. Rd1 Rac8 18. Nb5 1-0

[Event "FICGS__CHESS__CLASS_F__000090"]
[Site "FICGS"]
[Date "2011.01.06"]
[Round "1"]
[White "Melquiades, Jay"]
[Black "Kehayov, Yulian"]
[Result "1/2-1/2"]
[WhiteElo "1041"]
[BlackElo "1071"]
[PlyCount "66"]
[EventDate "2011.??.??"]

1. e4 e5 2. Nf3 Nc6 3. c3 Nf6 4. d3 d5 5. Bg5 Be7 6. Nbd2 O-O 7. h4 h6 8. Bxh6
gxh6 9. b4 d4 10. cxd4 Nxd4 11. Rc1 Bxb4 12. Nxd4 Qxd4 13. Rc4 Bxd2+ 14. Qxd2
Qd6 15. Qxh6 Ng4 16. Qg5+ Qg6 17. Rxc7 Nf6 18. Qxg6+ fxg6 19. h5 Nxh5 20. Be2
Nf4 21. Bf3 Nxd3+ 22. Ke2 Nf4+ 23. Ke3 Be6 24. Rhh7 Rf7 25. Rhxf7 Bxf7 26. g3
Nd5+ 27. exd5 b6 28. d6 Rd8 29. Rxa7 Rxd6 30. Bg4 Rd5 31. a4 Rc5 32. Rb7 Rc4
33. Be2 Rxa4 1/2-1/2

[Event "Rilton Cup 40th"]
[Site "Stockholm"]
[Date "2011.01.05"]
[Round "9"]
[White "Holving, Rasmus"]
[Black "Lindberg, Bosse"]
[Result "0-1"]
[WhiteElo "2211"]
[BlackElo "2404"]
[PlyCount "74"]
[EventDate "2010.12.27"]
[EventType "swiss"]
[EventRounds "9"]
[EventCountry "SWE"]
[SourceTitle "CBM 140 Extra"]
[Source "ChessBase"]
[SourceDate "2011.03.01"]
[SourceVersion "1"]
[SourceVersionDate "2011.03.01"]
[SourceQuality "1"]

1. e4 e5 2. Nf3 Nc6 3. c3 Nf6 4. d4 Nxe4 5. d5 Ne7 6. Nxe5 Ng6 7. Qf3 Qe7 8.
Nxg6 hxg6 9. Be3 Rh5 10. Bc4 Nd6 11. Nd2 Rf5 12. Qg3 Nxc4 13. Nxc4 b5 14. O-O-O
bxc4 15. Rhe1 Re5 16. Bd2 d6 17. f4 Re4 18. Rxe4 Qxe4 19. Re1 Bf5 20. Qf3 Qxe1+
21. Bxe1 Kd7 22. Qd1 Re8 23. Qa4+ Kd8 24. Bh4+ g5 25. Bxg5+ f6 26. Bh4 Re4 27.
Bg3 g5 28. Qxa7 gxf4 29. Qb8+ Ke7 30. Qxc7+ Ke8 31. Qb8+ Kf7 32. Qa7+ Kg6 33.
Bxf4 Rxf4 34. b4 Bh6 35. Kb2 Rf1 36. a4 Bc1+ 37. Ka2 Bc2 0-1

[Event "Kimry op Jan"]
[Site "Kimry"]
[Date "2011.01.04"]
[Round "5"]
[White "Danilov, Alexander"]
[Black "Kuryshkin, Anatoliy"]
[Result "0-1"]
[WhiteElo "1874"]
[BlackElo "2006"]
[PlyCount "30"]
[EventDate "2011.01.02"]
[EventType "swiss"]
[EventRounds "9"]
[EventCountry "RUS"]
[SourceTitle "CBM 140 Extra"]
[Source "ChessBase"]
[SourceDate "2011.03.01"]
[SourceVersion "1"]
[SourceVersionDate "2011.03.01"]
[SourceQuality "1"]

1. e4 e5 2. Nf3 Nc6 3. c3 d5 4. Bd3 f5 5. exd5 Qxd5 6. Qe2 Be6 7. c4 Qd6 8. Bc2
e4 9. Ng5 Nd4 10. Ba4+ b5 11. Bxb5+ c6 12. Bxc6+ Qxc6 13. Qd1 Qxc4 14. Nc3 Bd7
15. b3 Qd3 0-1

[Event "Niedersachsen-ch op"]
[Site "Verden"]
[Date "2011.01.02"]
[Round "2"]
[White "Schulz, Jens"]
[Black "Kuenitz, Bernhard"]
[Result "1-0"]
[WhiteElo "2167"]
[BlackElo "1916"]
[PlyCount "43"]
[EventDate "2011.01.02"]
[EventType "swiss"]
[EventRounds "7"]
[EventCountry "GER"]
[SourceTitle "OM OTB B 201907"]
[Source "Opening Master"]
[SourceDate "2019.07.06"]
[SourceVersion "2"]
[SourceVersionDate "2019.07.06"]
[SourceQuality "1"]

1. e4 e5 2. Nf3 Nc6 3. c3 Nf6 4. d4 d6 5. Bb5 Bd7 6. O-O exd4 7. cxd4 Be7 8.
Nc3 O-O 9. h3 a6 10. Bd3 Qc8 11. Re1 h6 12. Bf4 Nd8 13. d5 Nh7 14. Rc1 g5 15.
Be3 f6 16. Qc2 Rf7 17. Nd4 Rg7 18. Nce2 c5 19. dxc6 bxc6 20. Ng3 Bf8 21. Nh5
Re7 22. e5 1-0

[Event "Warsaw Four Seasons op 2nd"]
[Site "Warsaw"]
[Date "2011.??.??"]
[Round "8"]
[White "Fraczek, Lukasz"]
[Black "Reda, Patrycja"]
[Result "1-0"]
[WhiteElo "1585"]
[BlackElo "1399"]
[PlyCount "33"]
[EventDate "2011.11.26"]
[EventType "swiss"]
[EventRounds "9"]
[EventCountry "POL"]
[SourceTitle "EXT 2014"]
[Source "ChessBase"]
[SourceDate "2013.11.20"]
[SourceVersion "1"]
[SourceVersionDate "2013.11.20"]
[SourceQuality "1"]

1. e4 e5 2. Nf3 Nc6 3. c3 Nf6 4. d4 exd4 5. e5 Ng4 6. cxd4 Bb4+ 7. Nc3 d6 8. h3
dxe5 9. d5 Bxc3+ 10. bxc3 Nxf2 11. Kxf2 e4 12. Bb5 exf3 13. dxc6 O-O 14. Qxd8
Rxd8 15. gxf3 bxc6 16. Bxc6 Rb8 17. Be4 1-0

[Event "Catalunya-ch (Women) 69th"]
[Site "Barcelona"]
[Date "2011.??.??"]
[Round "5"]
[White "Capellades Subirana, Laura"]
[Black "Martin Dinares, Sonia"]
[Result "1-0"]
[WhiteElo "1651"]
[BlackElo "1507"]
[PlyCount "59"]
[EventDate "2011.12.03"]
[EventType "swiss"]
[EventRounds "6"]
[EventCountry "ESP"]
[SourceTitle "CBM 145 Extra"]
[Source "ChessBase"]
[SourceDate "2012.01.03"]
[SourceVersion "1"]
[SourceVersionDate "2012.01.03"]
[SourceQuality "1"]

1. e4 e5 2. Nf3 Nc6 3. c3 Bc5 4. d4 exd4 5. cxd4 Bb4+ 6. Nc3 Nf6 7. d5 Ne7 8.
Bd3 O-O 9. O-O Re8 10. Bg5 Ng6 11. Re1 Ne5 12. Nxe5 Rxe5 13. f4 Bc5+ 14. Kh1
Re8 15. e5 h6 16. Bxf6 gxf6 17. Qg4+ Kf8 18. exf6 Rxe1+ 19. Rxe1 Qxf6 20. Ne4
Qe7 21. Qh5 Kg7 22. f5 f6 23. Qg6+ Kf8 24. Qxh6+ Qg7 25. Qxg7+ Kxg7 26. Nxc5
Kf7 27. Be2 d6 28. Bh5+ Kg7 29. Ne6+ Bxe6 30. fxe6 1-0